| 000 | 00360nam a22001577a 4500 | ||
|---|---|---|---|
| 003 | OSt | ||
| 005 | 20211019150831.0 | ||
| 008 | 211019b |||||||| |||| 00| 0 eng d | ||
| 040 | _cHU | ||
| 082 | _a305.23/SZA | ||
| 100 |
_aSUZANNE SZASZ _914303 |
||
| 245 | _aYOUNG FOLKS NEW YORK | ||
| 260 |
_aNEW YORK _bINC _c1968 |
||
| 300 | _a143P | ||
| 942 |
_2ddc _cBOOKS _n0 |
||
| 999 |
_c13388 _d13388 |
||